000 00344 a2200157 4500
001 173700
020 _a
040 _cMagnum
100 _aPrado, Lucilia Junqueira de Almeida
240 1 0 _aO balao amarelo
_lpor
245 1 0 _aO balao amarelo
362 0 _a1899
440 1 _aBrasiliense
697 _aIJ/AVENTURA, CRIANCAS
942 _cBK
999 _c173700
_d173700